| 000 | 01667nam a22004217a 4500 | ||
|---|---|---|---|
| 003 | CHAP | ||
| 005 | 20250613132044.0 | ||
| 008 | 071120s2007 mx r 00010 spa d | ||
| 010 | _a94223 | ||
| 011 | _a95195 | ||
| 035 | _a105806 | ||
| 040 | _cCHAP | ||
| 090 | _aTesis | ||
| 100 | 1 |
_aLópez Martínez, Humberto. _968085 |
|
| 245 | 1 | 4 |
_aDiseño de un órgano de accionamiento neumo-mecánico para el trasplante de piña _c/por Humberto López Martínez |
| 260 |
_aChapingo, Méx. : _bEl autor, _c2007 |
||
| 300 |
_a97 h. : _bilus. ; gráfs. ; cuadros ; anexo |
||
| 502 | _aTesis (Ing. Mecánico Agrícola) - - UACH. Departamento de Ingeniería Mecánica Agrícola | ||
| 530 | _aTambién disponible en línea | ||
| 590 |
_aALEPH _b10 _c20130110 _lUCH01 _h1521 |
||
| 590 |
_aBATCH-UPD _b10 _c20130110 _lUCH01 _h0637 |
||
| 590 |
_aBATCH-UPD _b10 _c20130410 _lUCH01 _h0321 |
||
| 590 |
_aBATCH-UPD _b10 _c20130914 _lUCH01 _h1641 |
||
| 590 |
_aBATCH-UPD _b10 _c20140324 _lUCH01 _h1505 |
||
| 590 |
_aBATCH-UPD _b10 _c20141002 _lUCH01 _h0835 |
||
| 590 |
_aCONVERSION _b10 _c20130109 _lUCH01 _h1352 |
||
| 650 | 1 | 4 |
_aIngeniería mecánica. _958260 |
| 650 | 1 | 4 |
_aMaquinaria agrícola _xDiseño. _971168 |
| 650 | 1 | 4 |
_aMecanización agrícola. _973801 |
| 650 | 1 | 7 |
_aPiña (Ananas comosus) _xRendimiento _2 _988423 |
| 650 | 1 | 7 |
_aPiña (Ananas comosus) _xTransporte _xCostos _2 _988426 |
| 856 |
_3Finding aid _uhttp://10.13.5.2/tesis/105806.pdf _zTeclea aqui |
||
| 901 | _aBK | ||
| 905 | _aElisama A. H. | ||
| 942 | _cFOLL | ||
| 949 |
_aTesis _bBC _cTES _d33724002034637 _eTS1 _gDonaciØn _h47208 _i105806 _sb |
||
| 949 |
_aTesis _bBC _cTES _d33724002034678 _eTS2 _fc.2 _gDonaciØn _h47209 _i105806 _sb |
||
| 999 |
_c94223 _d94223 |
||